LIBRARY & INFORMATION CENTRE, KCAET, TAVANUR

ONLINE PUBLIC ACCESS CATALOGUE (OPAC)

Fundamentals of heat and mass transfer / (Record no. 2437)

MARC details
000 -LEADER
fixed length control field 00606cam a2200229ua 4500
020 ## - INTERNATIONAL STANDARD BOOK NUMBER
ISBN 81 224 0784 6
041 ## - LANGUAGE CODE
Language code of text/sound track or separate title eng
082 ## - DEWEY DECIMAL CLASSIFICATION NUMBER
Classification number 621.4022
Item number KOT/FU
100 ## - MAIN ENTRY--AUTHOR NAME
Personal name Kothandaraman, C P .
245 ## - TITLE STATEMENT
Title Fundamentals of heat and mass transfer /
260 ## - PUBLICATION, DISTRIBUTION, ETC. (IMPRINT)
Place of publication Newdelhi :
Name of publisher New Age International publishers ,
Year of publication 1995.
300 ## - PHYSICAL DESCRIPTION
Number of Pages 897 ; .
942 ## - ADDED ENTRY ELEMENTS (KOHA)
Koha item type Books
Holdings
Withdrawn status Lost status Damaged status Home library Current library Date acquired Full call number Accession Number Koha item type
      KAUAET KAUAET 07/04/2012 621.4022 19215 Books
      KAUAET KAUAET 07/04/2012 621.4022 19214 Books
      KAUAET KAUAET 07/04/2012 621.4022 21449 Books
      KAUAET KAUAET 07/04/2012 621.4022 21451 Books
      KAUAET KAUAET 07/04/2012 621.4022 21450 Books
      KAUAET KAUAET 07/04/2012 621.4022 21448 Books
free website counter